Top 25 Coldest Countries Outside of Europe - Statistics

General Stats
  • This quiz has been taken 50 times
  • The average score is 17 of 20
Answer Stats
Hint Answer % Correct
1.07° Mongolia
100%
-4.03° Canada
98%
11.78° Japan
94%
9.39° Chile
91%
6.98° North Korea
91%
7.11° Kazakhstan
89%
12.22° South Korea
89%
12.96° Azerbaijan
87%
7.59° China
87%
9.01° Georgia
87%
-3.79° Russia
87%
3.85° Tajikistan
87%
2.65° Kyrgyzstan
85%
7.82° Armenia
83%
10.46° New Zealand
83%
9.46° United States of America
83%
10.38° Bhutan
79%
11.66° Turkey
79%
13.04° Afghanistan
72%
12.38° Lesotho
57%
No matching quizzes found
Score Distribution
Percent of People with Each Score
Percentile by Number Answered
Your Score History
You have not taken this quiz